Head first Java : a brain-friendly guide
Saved in:
| Hovedforfatter: | |
|---|---|
| Format: | Bog |
| Udgivet: |
Shroff
|
| Tags: |
Ingen Tags, Vær først til at tagge denne postø!
|
MARC
| LEADER | 00000nam a2200000Ia 4500 | ||
|---|---|---|---|
| 005 | 20260515061617.0 | ||
| 100 | |a Sierra, Kathy, | ||
| 020 | |a 9789355420909 | ||
| 942 | |c BK | ||
| 245 | |a Head first Java : a brain-friendly guide | ||
| 260 | |b Shroff | ||
| 999 | |c 64 |d 64 | ||
| 952 | |0 0 |1 0 |4 0 |7 0 |a ABDN |b ABDN |d 2026-05-15 |l 0 |p 000010 |r 2026-05-15 06:16:17 |w 2026-05-15 |y BK | ||